书目信息 |
| 题名: |
收费与监控
|
|
| 作者: | 周以德 主编 | |
| 分册: | ||
| 出版信息: | 北京 人民交通出版社 2007.03 |
|
| 页数: | 299页 | |
| 开本: | 23cm | |
| 丛书名: | ||
| 单 册: | ||
| 中图分类: | F540.4 | |
| 科图分类: | ||
| 主题词: | 高速公路--gao su gong lu--公路费用--征收--技术培训--教材 | |
| 电子资源: | ||
| ISBN: | 978-7-114-06068-7 | |
| 000 | 00837nam0 2200241 450 | |
| 001 | 012007804109 | |
| 005 | 20070927092006.73 | |
| 010 | @a978-7-114-06068-7@dCNY30.00 | |
| 100 | @a20070816d2007 km y0chiy0120 ea | |
| 101 | 0 | @achi |
| 102 | @aCN@b110000 | |
| 105 | @aa a 000yy | |
| 200 | 1 | @a收费与监控@Ashou fei yu jian kong@f周以德主编@Fzhou yi de zhu bian |
| 210 | @a北京@c人民交通出版社@d2007.03 | |
| 215 | @a299页@c图@d23cm | |
| 300 | @a高速公路从业人员岗前培训教材 | |
| 320 | @a有书目 (第299页)。 | |
| 330 | @a本书是高速公路员工岗前培训教材,由江苏省交通厅组织编写。全书共分两篇:第一篇为收费业务管理知识;第二篇为收费、监控及通信系统。 | |
| 606 | 0 | @a高速公路@Agao su gong lu@x公路费用@x征收@x技术培训@j教材 |
| 690 | @aF540.4@v4 | |
| 701 | 0 | @a周以德@Azhou yi de@4主编 |
| 801 | 0 | @aCN@c20070927 |
| 905 | @dF540.4@eZ810 | |
| 收费与监控/周以德主编.-北京:人民交通出版社,2007.03 |
| 299页:图;23cm |
| 高速公路从业人员岗前培训教材 |
| ISBN 978-7-114-06068-7:CNY30.00 |
| 本书是高速公路员工岗前培训教材,由江苏省交通厅组织编写。全书共分两篇:第一篇为收费业务管理知识;第二篇为收费、监控及通信系统。 |
| ● |
| 相关链接 |
|
|
|
正题名:收费与监控
索取号:F540.4/Z810
 
预约/预借
| 序号 | 登录号 | 条形码 | 馆藏地/架位号 | 状态 | 备注 |
| 1 | 245999 | 202459990 | 社科库409/409社科库 38排1列4层/ [索取号:F540.4/Z810] | 在馆 | |
| 2 | 246000 | 202460005 | 社科二线422/409社科库 38排1列4层/ [索取号:F540.4/Z810] | 在馆 |